{"text_format":"3","workbook":"xlsx","n_sheets":14,"sheets":["招标控制价","工程项目造价汇总表","单项工程造价汇总表","单位工程造价汇总表","分部分项工程量清单与计价表","总价措施项目清单与计价表","单价措施项目清单与计价表","其他项目清单与计价汇总表","暂列金额明细表","专业工程暂估价明细表","总承包服务费计价表","单价措施项目清单综合单价分析表","主要材料和设备项目与价格表","人工、材料设备、机械汇总表"],"read":"whole","date_system":"1900"}

{"sheet":"招标控制价","index":0,"n_rows":31,"n_cols":7,"rows_kept":31,"merged":[[0,0,0,6],[1,0,1,6],[2,0,2,6],[3,0,3,6],[4,0,4,6],[5,0,5,6],[6,0,6,6],[7,0,7,6],[8,0,8,2],[8,4,8,5],[9,1,9,3],[9,4,9,5],[10,1,10,3],[10,4,10,5],[11,0,11,6],[12,0,12,1],[12,2,12,3],[12,5,12,6],[13,0,13,1],[13,2,13,3],[13,5,13,6],[14,0,14,6],[15,0,15,6],[16,0,16,6],[17,0,17,1],[17,2,17,3],[17,5,17,6],[18,0,18,1],[18,2,18,3],[18,5,18,6],[19,0,19,6],[20,0,20,6],[21,0,21,6],[22,0,22,1],[22,2,22,3],[22,5,22,6],[23,0,23,1],[23,2,23,3],[23,5,23,6],[24,0,24,6],[25,0,25,6],[26,0,26,6],[27,0,27,6],[28,0,28,1],[28,2,28,3],[28,5,28,6],[29,0,29,6],[30,0,30,6]]}
[""]
[""]
["东园路立交桥桥面绿化花化工程"]
[""]
[""]
["招 标 控 制 价（审后）"]
[""]
[""]
["招标控制价(小写):",null,null,"2804103元","其中：甲供材料费",null,""]
["","",null,null,"",null,""]
["(大写):","贰佰捌拾万零肆仟壹佰零叁圆整",null,null,"其中：甲供材料费",null,""]
[""]
["招  标  人:",null,"",null,"造价咨询人:",""]
["",null,"(盖单位公章)",null,"","(盖单位公章)"]
[""]
[""]
[""]
["法定代表人\n或其授权人:",null,"",null,"法定代表人\n或其授权人:",""]
["",null,"(签字或盖章)",null,"","(签字或盖章)"]
[""]
[""]
[""]
["编  制  人:",null,"",null,"审  核  人:",""]
["",null,"(签字)",null,"","(签字、加盖执业印章)"]
[""]
[""]
[""]
[""]
["编 制 时 间:",null,"2023-10-11",null,"审 核 时 间:",""]
[""]
[""]

{"sheet":"工程项目造价汇总表","index":1,"n_rows":7,"n_cols":5,"rows_kept":7,"merged":[[0,3,0,4],[1,0,1,4],[2,0,2,2],[2,3,2,4],[3,0,4,0],[3,1,4,1],[3,2,4,2],[3,3,3,4],[6,0,6,1]]}
["","","",""]
["工程项目造价汇总表"]
["工程名称:东园路立交桥桥面绿化花化工程",null,null,"第1页 共1页"]
["序号","单项工程名称","金额(元)","其中"]
[{"$nulls":3},"安全文明施工费(元)","人工费\n（元）"]
["1","单项工程",{"v":2804103,"d":"2804103.00"},{"v":66428,"d":"66428.00"},{"v":495362,"d":"495362.00"}]
["合  计",null,{"v":2804103,"d":"2804103.00"},{"v":66428,"d":"66428.00"},{"v":495362,"d":"495362.00"}]

{"sheet":"单项工程造价汇总表","index":2,"n_rows":9,"n_cols":5,"rows_kept":9,"merged":[[0,3,0,4],[1,0,1,4],[2,0,2,4],[3,0,3,2],[3,3,3,4],[4,0,5,0],[4,1,5,1],[4,2,5,2],[4,3,4,4],[8,0,8,1]]}
["","","",""]
["单项工程造价汇总表"]
[""]
["工程名称：东园路立交桥桥面绿化花化工程  单项工程",null,null,"第1页 共1页"]
["序号","单位工程名称","金额(元)"," 其中"]
[{"$nulls":3},"安全文明施工费(元)","人工费\n（元）"]
["1","园林绿化工程",{"v":2212746,"d":"2212746.00"},{"v":54235,"d":"54235.00"},{"v":272110,"d":"272110.00"}]
["2","市政工程",{"v":591357,"d":"591357.00"},{"v":12193,"d":"12193.00"},{"v":223252,"d":"223252.00"}]
["合        计",null,{"v":2804103,"d":"2804103.00"},{"v":66428,"d":"66428.00"},{"v":495362,"d":"495362.00"}]

{"sheet":"单位工程造价汇总表","index":3,"n_rows":35,"n_cols":4,"rows_kept":35,"merged":[[0,0,0,3],[1,0,1,3],[2,0,2,2],[3,2,3,3],[4,2,4,3],[5,2,5,3],[6,2,6,3],[7,2,7,3],[8,2,8,3],[9,2,9,3],[10,2,10,3],[11,2,11,3],[12,2,12,3],[13,2,13,3],[14,2,14,3],[15,2,15,3],[16,2,16,3],[17,0,17,1],[17,2,17,3],[18,0,18,3],[19,0,19,3],[20,0,20,2],[21,2,21,3],[22,2,22,3],[23,2,23,3],[24,2,24,3],[25,2,25,3],[26,2,26,3],[27,2,27,3],[28,2,28,3],[29,2,29,3],[30,2,30,3],[31,2,31,3],[32,2,32,3],[33,2,33,3],[34,0,34,1],[34,2,34,3]]}
["单位工程造价汇总表"]
[""]
["工程名称：东园路立交桥桥面绿化花化工程  单项工程  园林绿化工程",null,null,"第1页 共2页"]
["序号","汇 总 内 容","金 额(元)"]
["1","分部分项工程费",{"v":2142643,"d":"2142643.00"}]
["1.1","园林建筑",{"v":1332188,"d":"1332188.00"}]
["1.2","绿化种植",{"v":810455,"d":"810455.00"}]
["2","措施项目费",{"v":70103,"d":"70103.00"}]
["2.1","总价措施项目费",{"v":70103,"d":"70103.00"}]
["2.1.1","安全文明施工费",{"v":54235,"d":"54235.00"}]
["2.1.2","其他总价措施费",{"v":10499,"d":"10499.00"}]
["2.1.3","施工扬尘防治措施费",{"v":5369,"d":"5369.00"}]
["2.2","单价措施项目费"]
["3","其他项目费"]
["3.1","暂列金额"]
["3.2","专业工程暂估价"]
["3.3","总承包服务费"]
["合  计=1+2+3",null,{"v":2212746,"d":"2212746.00"}]
["单位工程造价汇总表"]
[""]
["工程名称：东园路立交桥桥面绿化花化工程  单项工程  市政工程",null,null,"第2页 共2页"]
["序号","汇 总 内 容","金 额(元)"]
["1","分部分项工程费",{"v":575139,"d":"575139.00"}]
["1.1","给水工程",{"v":575139,"d":"575139.00"}]
["2","措施项目费",{"v":16218,"d":"16218.00"}]
["2.1","总价措施项目费",{"v":16218,"d":"16218.00"}]
["2.1.1","安全文明施工费",{"v":12193,"d":"12193.00"}]
["2.1.2","其他总价措施费",{"v":2818,"d":"2818.00"}]
["2.1.3","施工扬尘防治措施费",{"v":1207,"d":"1207.00"}]
["2.2","单价措施项目费"]
["3","其他项目费"]
["3.1","暂列金额"]
["3.2","专业工程暂估价"]
["3.3","总承包服务费"]
["合  计=1+2+3",null,{"v":591357,"d":"591357.00"}]

{"sheet":"分部分项工程量清单与计价表","index":4,"n_rows":33,"n_cols":11,"rows_kept":33,"merged":[[0,0,0,9],[1,0,1,9],[2,0,2,7],[2,8,2,9],[3,0,4,1],[3,2,4,2],[3,3,4,3],[3,4,4,4],[3,5,4,5],[3,6,4,6],[3,7,3,9],[4,7,4,8],[5,0,5,9],[6,0,6,9],[7,0,7,9],[8,0,8,1],[8,7,8,8],[9,0,9,1],[9,7,9,8],[10,0,10,1],[10,7,10,8],[11,0,11,1],[11,7,11,8],[12,0,12,9],[13,0,13,1],[13,7,13,8],[14,0,14,1],[14,7,14,8],[15,0,15,9],[16,0,16,9],[17,0,17,7],[17,8,17,9],[18,0,19,1],[18,2,19,2],[18,3,19,3],[18,4,19,4],[18,5,19,5],[18,6,19,6],[18,7,18,9],[19,7,19,8],[20,0,20,1],[20,7,20,8],[21,0,21,9],[22,0,22,9],[23,0,23,1],[23,7,23,8],[24,0,24,1],[24,7,24,8],[25,0,25,1],[25,7,25,8],[26,0,26,1],[26,7,26,8],[27,0,27,1],[27,7,27,8],[28,0,28,1],[28,7,28,8],[29,0,29,1],[29,7,29,8],[30,0,30,1],[30,7,30,8],[31,0,31,1],[31,7,31,8],[32,0,32,8]]}
["分部分项工程量清单与计价表",{"$nulls":9},""]
["",{"$nulls":9},""]
["工程名称：东园路立交桥桥面绿化花化工程",{"$nulls":7},"第1页 共2页",null,""]
["序号",null,"项目编码","项目名称","项目特征描述","计量单位","工程量","金    额(元)",null,null,""]
[{"$nulls":7},"综合单价",null,"合价",""]
["单项工程",{"$nulls":9},"单项工程(17园林)"]
["园林绿化工程",{"$nulls":9},"单位工程(17园林)"]
["园林建筑",{"$nulls":9},"分项工程(17园林)"]
["1",null,"05B001","外挂花箱一","(1)80mm厚陶粒滤水层\n(2)铺设土工布（150g/m2）\n(3)295mm厚种植土\n(4)5厚玻璃纤维混合花盆600*350*400\n(5)外挂花箱一BZ-01","个",{"v":5985,"d":"5985.000"},114.75,null,686778.75,""]
["2",null,"05B002","外摆花箱","(1)80mm厚陶粒滤水层\n(2)铺设土工布（150g/m2）\n(3)295mm厚种植土\n(4)5厚玻璃纤维混合花盆600*350*400\n(5)外摆花箱BZ-01","个",{"v":1142,"d":"1142.000"},114.75,null,{"v":131044.5,"d":"131044.50"},""]
["3",null,"010103002001","余方弃置","(1)废弃料品种:原有花箱、原有外摆花箱（渣土、苗木）\n(2)运距:3km","m3",598.668,30.58,null,18307.27,""]
["4",null,"05B003","成品花箱","(1)80mm厚陶粒滤水层\n(2)铺设土工布（150g/m2）\n(3)415mm厚种植土\n(4)规格：5000*1000*680\n(5)面板：2厚铝合金花箱、胡桃色氟碳漆饰面\n(6)立柱：30*30*3厚热镀锌方钢管@1000；横杆：30*30*3厚热镀锌方钢管；竖杆：30*30*3厚热镀锌方钢管@500\n(7)内壁：3厚镀锌钢板、刷2道防锈漆\n(8)成品花箱BZ-02","组",{"v":29,"d":"29.000"},17105.42,null,496057.18,""]
["绿化种植",{"$nulls":9},"分项工程(17园林)"]
["5",null,"050102002001","栽植灌木","(1)种类:同安红三角梅\n(2)起挖方式:盆苗，冠幅完整饱满，低分枝多分枝花量大，枝下高小于15cm，主分枝数大于2\n(3)养护期:一年，前半年成活率养护、后半年日常养护\n(4)冠丛高:60cm\n(5)蓬径:60cm\n(6)基肥:5kg/株\n(7)高架桥上","株",{"v":11970,"d":"11970.000"},57.89,null,{"v":692943.3,"d":"692943.30"},""]
["6",null,"050102002002","栽植灌木","(1)种类:同安红三角梅","株",{"v":2284,"d":"2284.000"},51.45,null,{"v":117511.8,"d":"117511.80"},""]
["分部分项工程量清单与计价表",{"$nulls":9},""]
["",{"$nulls":9},""]
["工程名称：东园路立交桥桥面绿化花化工程",{"$nulls":7},"第2页 共2页",null,""]
["序号",null,"项目编码","项目名称","项目特征描述","计量单位","工程量","金    额(元)",null,null,""]
[{"$nulls":7},"综合单价",null,"合价",""]
["",null,"","","(2)起挖方式:盆苗，冠幅完整饱满，低分枝多分枝花量大，枝下高小于15cm，主分枝数大于2\n(3)养护期:一年，前半年成活率养护、后半年日常养护\n(4)冠丛高:60cm\n(5)蓬径:60cm\n(6)基肥:5kg/株\n(7)高架桥下","",{"$nulls":4},""]
["市政工程",{"$nulls":9},"单位工程(17市政)"]
["给水工程",{"$nulls":9},"分项工程(17市政)"]
["7",null,"040501004009","塑料管","(1)连接形式:粘结\n(2)材质及规格:PE滴灌带  DN10","m",{"v":1673.28,"d":"1673.280"},3.88,null,6492.33,""]
["8",null,"040501004010","塑料管","(1)连接形式:粘结\n(2)材质及规格:PVC排水管  DN32","m",{"v":840.36,"d":"840.360"},6.75,null,5672.43,""]
["9",null,"040501004011","塑料管","(1)连接形式:热熔连接\n(2)材质及规格:PE管 DN50","m",{"v":4932.2,"d":"4932.200"},23.35,null,115166.87,""]
["10",null,"040501004012","塑料管","(1)连接形式:粘结\n(2)材质及规格:PVC排水管DN63","m",{"v":3935.3,"d":"3935.300"},31.27,null,123056.83,""]
["11",null,"040503003002","金属支架制作、安装","(1)支架材质:镀锌角钢\n(2)预埋件材质及规格:50*50*5+30*30*3","t",5.639,13913.74,null,78459.58,""]
["12",null,"041001006002","拆除管道","(1)材质:PE管 \n(2)管径:DN63、DN50","m",{"v":8722.5,"d":"8722.500"},{"v":9.1,"d":"9.10"},null,79374.75,""]
["13",null,"040502003007","塑料管管件","(1)连接形式:粘结\n(2)种类:弯头\n(3)材质及规格:PVC DN32","个",{"v":7001,"d":"7001.000"},{"v":5.4,"d":"5.40"},null,{"v":37805.4,"d":"37805.40"},""]
["14",null,"040502003008","塑料管管件","(1)连接形式:粘结\n(2)种类:异径三通\n(3)材质及规格:PVC DN63","个",{"v":5860,"d":"5860.000"},15.13,null,{"v":88661.8,"d":"88661.80"},""]
["15",null,"040502003009","塑料管管件","(1)连接形式:粘结\n(2)种类:旁通\n(3)材质及规格:φ10PE","个",{"v":13948,"d":"13948.000"},{"v":2.9,"d":"2.90"},null,{"v":40449.2,"d":"40449.20"},""]
["合        计",{"$nulls":8},2717781.99,""]

{"sheet":"总价措施项目清单与计价表","index":5,"n_rows":23,"n_cols":5,"rows_kept":23,"merged":[[0,0,0,4],[1,0,1,4],[2,0,2,3],[4,0,4,4],[5,0,5,4],[15,0,15,4],[22,0,22,3]]}
["总价措施项目清单与计价表"]
[""]
["工程名称：东园路立交桥桥面绿化花化工程",{"$nulls":3},"第1页 共1页"]
["序号","项 目 名 称","计 算 基 础\n(元)","费    率(%)","金    额(元)"]
["单项工程"]
["园林绿化工程"]
["1","安全文明施工费",{"v":2142643,"d":"2142643.00"},"/",{"v":54235,"d":"54235.00"}]
["1.1","园林建筑",{"v":1332188,"d":"1332188.00"},"2.97",{"v":39566,"d":"39566.00"}]
["1.2","绿化种植",{"v":810455,"d":"810455.00"},"1.81",{"v":14669,"d":"14669.00"}]
["2","其他总价措施费",{"v":2142643,"d":"2142643.00"},"/",{"v":10499,"d":"10499.00"}]
["2.1","园林建筑",{"v":1332188,"d":"1332188.00"},"0.49",{"v":6528,"d":"6528.00"}]
["2.2","绿化种植",{"v":810455,"d":"810455.00"},"0.49",{"v":3971,"d":"3971.00"}]
["3","施工扬尘防治措施费",{"v":54235,"d":"54235.00"},"/",{"v":5369,"d":"5369.00"}]
["3.1","园林建筑",{"v":39566,"d":"39566.00"},"9.9",{"v":3917,"d":"3917.00"}]
["3.2","绿化种植",{"v":14669,"d":"14669.00"},"9.9",{"v":1452,"d":"1452.00"}]
["市政工程"]
["1","安全文明施工费",{"v":575139,"d":"575139.00"},"/",{"v":12193,"d":"12193.00"}]
["1.1","给水工程",{"v":575139,"d":"575139.00"},"2.12",{"v":12193,"d":"12193.00"}]
["2","其他总价措施费",{"v":575139,"d":"575139.00"},"/",{"v":2818,"d":"2818.00"}]
["2.1","给水工程",{"v":575139,"d":"575139.00"},"0.49",{"v":2818,"d":"2818.00"}]
["3","施工扬尘防治措施费",{"v":12193,"d":"12193.00"},"/",{"v":1207,"d":"1207.00"}]
["3.1","给水工程",{"v":12193,"d":"12193.00"},"9.9",{"v":1207,"d":"1207.00"}]
["合    计",{"$nulls":3},{"v":86321,"d":"86321.00"}]

{"sheet":"单价措施项目清单与计价表","index":6,"n_rows":12,"n_cols":11,"rows_kept":12,"merged":[[0,0,0,9],[1,0,1,9],[2,0,2,7],[2,8,2,9],[3,0,4,1],[3,2,4,2],[3,3,4,3],[3,4,4,4],[3,5,4,5],[3,6,4,6],[3,7,3,9],[4,7,4,8],[5,0,5,9],[6,0,6,9],[7,0,7,9],[8,0,8,9],[9,0,9,9],[10,0,10,9],[11,0,11,8]]}
["单价措施项目清单与计价表",{"$nulls":9},""]
["",{"$nulls":9},""]
["工程名称：东园路立交桥桥面绿化花化工程",{"$nulls":7},"第1页 共1页",null,""]
["序号",null,"项目编码","项目名称","项目特征描述","计量单位","工程量","金    额(元)",null,null,""]
[{"$nulls":7},"综合单价",null,"合价",""]
["单项工程",{"$nulls":9},"单项工程(17园林)"]
["园林绿化工程",{"$nulls":9},"单位工程(17园林)"]
["园林建筑",{"$nulls":9},"分项工程(17园林)"]
["绿化种植",{"$nulls":9},"分项工程(17园林)"]
["市政工程",{"$nulls":9},"单位工程(17市政)"]
["给水工程",{"$nulls":9},"分项工程(17市政)"]
["合       计",{"$nulls":9},""]

{"sheet":"其他项目清单与计价汇总表","index":7,"n_rows":8,"n_cols":4,"rows_kept":8,"merged":[[0,0,0,3],[1,0,1,3],[2,0,2,2],[7,0,7,1]]}
["其他项目清单与计价汇总表"]
[""]
["工程名称：东园路立交桥桥面绿化花化工程",null,null,"第1页 共1页"]
["序号","项 目 名 称","金额(元)","备注"]
["1","暂列金额",null,""]
["2","专业工程暂估价",null,""]
["3","总承包服务费",null,""]
["合    计",null,null,"——"]

{"sheet":"暂列金额明细表","index":8,"n_rows":12,"n_cols":5,"rows_kept":12,"merged":[[0,0,0,4],[1,0,1,4],[2,0,2,2],[2,3,2,4],[3,2,3,3],[4,2,4,3],[5,2,5,3],[6,2,6,3],[7,2,7,3],[8,2,8,3],[9,2,9,3],[10,2,10,3],[11,0,11,1],[11,2,11,3]]}
["暂列金额明细表"]
[""]
["工程名称：东园路立交桥桥面绿化花化工程",null,null,"第1页 共1页"]
["序号","项 目 名 称","金额(元)",null,"备  注"]
["1","设计变更和现场签证暂列金额",null,null,""]
["2","优质工程增加费",null,null,""]
["3","缩短定额工期增加费",null,null,""]
["4","发包人检测费",null,null,""]
["5","工程噪音超标排污费",null,null,""]
["6","渣土收纳费",null,null,""]
["7","加固工程检测费用",null,null,""]
["合    计",{"$nulls":3},"——"]

{"sheet":"专业工程暂估价明细表","index":9,"n_rows":5,"n_cols":5,"rows_kept":5,"merged":[[0,0,0,4],[1,0,1,4],[2,0,2,2],[2,3,2,4],[3,2,3,3],[4,0,4,1],[4,2,4,3]]}
["专业工程暂估价明细表"]
[""]
["工程名称：东园路立交桥桥面绿化花化工程",null,null,"第1页 共1页"]
["序号","项 目 名 称","金额(元)",null,"备  注"]
["合    计",{"$nulls":3},"——"]

{"sheet":"总承包服务费计价表","index":10,"n_rows":5,"n_cols":5,"rows_kept":5,"merged":[[0,0,0,4],[1,0,1,4],[2,0,2,3],[4,0,4,3]]}
["总承包服务费计价表"]
[""]
["工程名称：东园路立交桥桥面绿化花化工程",{"$nulls":3},"第1页 共1页"]
["序号","项 目 名 称","计算基础(元)","费率(%)","金额(元)"]
["合    计"]

{"sheet":"单价措施项目清单综合单价分析表","index":11,"n_rows":11,"n_cols":15,"rows_kept":11,"merged":[[0,0,0,13],[1,0,1,13],[2,0,2,11],[2,12,2,13],[3,0,4,0],[3,1,4,1],[3,2,4,2],[3,3,4,3],[3,4,4,4],[3,5,3,12],[3,13,4,13],[4,11,4,12],[5,0,5,13],[6,0,6,13],[7,0,7,13],[8,0,8,13],[9,0,9,13],[10,0,10,13]]}
["单价措施项目清单综合单价分析表",{"$nulls":13},""]
["",{"$nulls":13},""]
["工程名称：东园路立交桥桥面绿化花化工程",{"$nulls":11},"第1页 共1页",null,""]
["序号","项目编码","项目名称及特征描述","单位","工程量","综合单价组成(元)",{"$nulls":7},"综合单价\n(元)",""]
[{"$nulls":5},"人工费","材料费","施工机具使用费","企业管理费","利润","规费","税金",null,null,""]
["单项工程",{"$nulls":13},"单项工程(17园林)"]
["园林绿化工程",{"$nulls":13},"单位工程(17园林)"]
["园林建筑",{"$nulls":13},"分项工程(17园林)"]
["绿化种植",{"$nulls":13},"分项工程(17园林)"]
["市政工程",{"$nulls":13},"单位工程(17市政)"]
["给水工程",{"$nulls":13},"分项工程(17市政)"]

{"sheet":"主要材料和设备项目与价格表","index":12,"n_rows":6,"n_cols":10,"rows_kept":6,"merged":[[0,0,0,9],[1,0,1,9],[2,0,2,7],[2,8,2,9],[3,0,4,0],[3,1,4,1],[3,2,4,2],[3,3,4,3],[3,4,3,5],[3,6,3,7],[3,8,4,8],[3,9,4,9],[5,0,5,8]]}
["主要材料和设备项目与价格表"]
[""]
["工程名称：东园路立交桥桥面绿化花化工程",{"$nulls":7},"第1页 共1页"]
["序号","名称、规格、型号","单位","数量","基准单价",null,"招标控制价(或预算书)中的单价",null,"金额\n（元）","比例\n（%）"]
[{"$nulls":4},"不含税（元）","含税（元）","不含税（元）","含税（元）"]
["累计比例（%）",{"$nulls":8},{"v":0,"d":"0.00"}]

{"sheet":"人工、材料设备、机械汇总表","index":13,"n_rows":65,"n_cols":8,"rows_kept":65,"merged":[[0,0,0,7],[1,0,1,7],[2,0,2,5],[2,6,2,7],[38,0,38,7],[39,0,39,7],[40,0,40,5],[40,6,40,7]]}
["人工、材料设备、机械汇总表"]
[""]
["工程名称：东园路立交桥桥面绿化花化工程",{"$nulls":5},"第1页 共2页"]
["序号","工料机编码","工料机名称","规格、型号等特殊要求","单位","数量","单价","合价"]
["一","","人工","","","","",0]
["1","00010040","定额人工费","","元","","",495362.61]
["二","","材料","","","","",""]
["1","01210320","镀锌角钢","综合","kg",{"v":6033.73,"d":"6033.730"},{"v":5.49,"d":"5.490"},33125.18]
["2","02270100","土工布","","m2",1736.686,{"v":3.6,"d":"3.600"},6252.07]
["3","02270260","棉纱","","kg",14.797,{"v":5.29,"d":"5.290"},78.27]
["4","03130370","电焊条","结422Φ3.2","kg",72.675,{"v":6.68,"d":"6.680"},485.47]
["5","03131120","钢锯条","","根",423.087,{"v":0.23,"d":"0.230"},97.31]
["6","03131250","尼龙砂轮片","Φ150","片",10.432,{"v":2.11,"d":"2.110"},22.01]
["7","03131470","砂布","1.5#","张",3230.371,{"v":0.5,"d":"0.500"},1615.19]
["8","04070090","陶粒","","m3",124.605,{"v":199.44,"d":"199.440"},24851.28]
["9","04090370","种植土","","m3",439.656,{"v":34.59,"d":"34.590"},15207.69]
["10","13010640","丙烯酸聚氨酯底漆","","kg",9.094,{"v":19.54,"d":"19.540"},177.69]
["11","13010650","丙烯酸聚氨酯中间漆","","kg",18.028,{"v":20,"d":"20.000"},360.55]
["12","13050110","酚醛防锈漆","","kg",27.452,{"v":9.36,"d":"9.360"},256.95]
["13","13090010","氟碳金属面漆","","kg",19.862,{"v":57.37,"d":"57.370"},1139.49]
["14","13090070","氟碳漆用光面腻子粉","","kg",97.488,{"v":3.05,"d":"3.050"},297.34]
["15","13090080","氟碳罩面清漆","","kg",{"v":6.86,"d":"6.860"},{"v":62.21,"d":"62.210"},426.76]
["16","14330001","丙酮","","kg",249.405,{"v":6.64,"d":"6.640"},1656.05]
["17","14350200","氟碳漆专用稀释剂","","kg",5.447,{"v":14.65,"d":"14.650"},{"v":79.8,"d":"79.80"}]
["18","14350210","氟碳专用固化剂","","kg",{"v":1.8,"d":"1.800"},{"v":24.78,"d":"24.780"},44.62]
["19","14350690","药剂","","kg",703.634,{"v":20.72,"d":"20.720"},14579.31]
["20","14351020","丙烯酸聚氨酯稀释剂","","kg",16.204,{"v":12.2,"d":"12.200"},197.69]
["21","14351030","丙烯酸聚氨脂固化剂","","kg",4.843,{"v":13.52,"d":"13.520"},65.48]
["22","14390180","氧气","","m3",{"v":27.71,"d":"27.710"},{"v":4.01,"d":"4.010"},111.12]
["23","14390190","乙炔气","","kg",9.237,{"v":21.35,"d":"21.350"},{"v":197.2,"d":"197.20"}]
["24","14410640","粘结剂","","g",175372.172,{"v":0.02,"d":"0.020"},3507.44]
["25","17250950","PE滴灌带","Φ10","m",1698.379,{"v":0.45,"d":"0.450"},764.27]
["26","17250970","PVC排水管","DN32","m",852.965,{"v":2.52,"d":"2.520"},2149.47]
["27","17251000","PE给水管","DN50","m",5006.183,{"v":6.1,"d":"6.100"},30537.72]
["28","17253700","PVC-U排水管","Φ63","m",{"v":3994.33,"d":"3994.330"},7.265,{"v":29018.8,"d":"29018.80"}]
["29","18090220","φ10PE旁通","","个",{"v":13948,"d":"13948.000"},{"v":0.16,"d":"0.160"},2231.68]
["30","18090230","弯头(粘接)","Φ32","个",{"v":7001,"d":"7001.000"},{"v":1.49,"d":"1.490"},10431.49]
["31","18093470","塑料排水三通","DN60*32","个",{"v":5860,"d":"5860.000"},3.785,{"v":22180.1,"d":"22180.10"}]
["人工、材料设备、机械汇总表"]
[""]
["工程名称：东园路立交桥桥面绿化花化工程",{"$nulls":5},"第2页 共2页"]
["序号","工料机编码","工料机名称","规格、型号等特殊要求","单位","数量","单价","合价"]
["","","","",""]
["32","18250870","镀锌管箍","DN50","个",{"v":7588,"d":"7588.000"},{"v":5.2,"d":"5.200"},{"v":39457.6,"d":"39457.60"}]
["33","18250880","镀锌管箍","DN65","个",6054.308,{"v":8.11,"d":"8.110"},49100.44]
["34","32130001","同安红三角梅","高度60cm、冠幅60cm","株",{"v":14254,"d":"14254.000"},{"v":23.4,"d":"23.400"},{"v":333543.6,"d":"333543.60"}]
["35","32270001","肥料","","kg",122755.448,{"v":0.44,"d":"0.440"},{"v":54012.4,"d":"54012.40"}]
["36","34110080","水","","m3",{"v":356.35,"d":"356.350"},{"v":3.4,"d":"3.400"},1211.59]
["37","49010030","其他材料费","","%",2655.596,{"v":1,"d":"1.000"},{"v":2655.6,"d":"2655.60"}]
["38","49010030","其他材料费","","%",1861.572,{"v":1,"d":"1.000"},1861.57]
["39","49010040","其他材料费","","元",123.708,{"v":1,"d":"1.000"},123.71]
["40","49010040","其他材料费","","元",57.318,{"v":1,"d":"1.000"},57.32]
["41","49011001","5厚玻璃纤维混合花盆","600*350*400","个",{"v":7127,"d":"7127.000"},{"v":85,"d":"85.000"},{"v":605795,"d":"605795.00"}]
["42","49011001","成品花箱","","组",{"v":29,"d":"29.000"},{"v":13700,"d":"13700.000"},{"v":397300,"d":"397300.00"}]
["三","","设备","","","","",""]
["四","","施工机具","","","","",""]
["1","99070520","载货汽车","装载质量5t","台班",0.727,570.752,415.18]
["2","99070540","载货汽车","装载质量8t","台班",10.297,651.955,6713.24]
["3","99070670","自卸汽车","装载质量15t","台班",7.184,1000.156,7185.14]
["4","99090310","汽车式起重机","提升质量8t","台班",1.145,865.619,990.89]
["5","99190620","卷板机","厚度×宽度 30×3000mm","台班",5.497,556.031,3056.76]
["6","99250100","直流弧焊机","容量 20kV·A","台班",27.314,69.942,1910.37]
["7","99250400","热熔焊接机","SH-63","台班",10.358,{"v":14.1,"d":"14.100"},146.04]
["8","99310030","洒水车","罐容量4000L","台班",null,620.456]
["9","99450810","电焊条烘干箱","容积600×500×750","台班",2.119,25.281,53.56]